| Поле | Инд. | ПП | Название | Значение |
|---|---|---|---|---|
| Тип записи | a | |||
| Библиографический уровень | b | |||
| 001 | Контрольный номер | DU/591977270 | ||
| 005 | Дата корректировки | 20200630193142.5 | ||
| 008 | Кодируемые данные | 20180827 | ||
| 040 | b | Код языка каталог. | rus | |
| e | Правила каталог. | PSBO | ||
| 041 | 0_ | a | Код языка текста | rus |
| 084 | a | Индекс другой классификации/Индекс ББК | 60.561.8 | |
| 100 | 1_ | a | Автор | Бойченко О. В. |
| q | Полное имя | Бойченко Ольга Викторовна | ||
| 245 | 10 | a | Заглавие | Современные социологические теории научной коммуникации |
| 504 | a | Библиография | Библиогр.: с. 215 - 216 | |
| 520 | 0_ | a | Аннотация | Статья представляет обзор и анализ теоретико-методологической базы социологии науки в области проблем и специфики современной научной коммуникации. Рассматриваются социально-философские аспекты изучения научной коммуникации, а также история социологических исследований коммуникации в науке |
| 650 | 14 | a | Основная рубрика | социология |
| a | Основная рубрика | социология науки | ||
| 653 | 1_ | a | Ключевые слова | коммуникативное сообщество |
| a | Ключевые слова | научное сообщество | ||
| a | Ключевые слова | научные коммуникации | ||
| a | Ключевые слова | социологические теории | ||
| 773 | 08 | t | Заглавие источника | Вестник Московского университета. Серия 18, Социология и политология |
| d | Дата издания источника | 2012 | ||
| g | Прочая информация | № 1. - С. 207 - 216 | ||
| w | Контрольный № источника | RU/IS/BASE/392489925 | ||
| 901 | t | Тип документа | b |